000 00698nam a22002057a 4500
003 koha_MIRAKIL
005 20260416101256.0
008 260416b tur||||| |||| 00| 0 tur d
020 _a9786051882031
040 _aTR-IsEVY
_btur
_cTR-IsEVY
082 _aFIC COO/K
100 _aCooper, Ilene
245 0 _aKüçük Karamel :
_bKendi kendime okuyabiliyorum /
_cIlene Cooper ; resimleyen John Kanzler.
260 _aİstanbul :
_bBeyaz Balina Yayınları,
_c2022.
300 _a48 s. :
_brenkli resimli ;
_c19 cm.
490 0 _aOkumayı Seviyorum Dizisi .
650 _aÇocuk Edebiyatı.
_vÇocuk Hikayeleri.
_vOkuma Yazma Eğitimi.
700 1 _aKanzler, John.
_cresimleyen.
942 _2ddc
_cBK
999 _c23497
_d23497